|
|
|
|
| LEADER |
01469nam a2200313 a 4500 |
| 001 |
4931919 |
| 008 |
091210s1994 my a b 100 0 eng d |
| 010 |
|
|
|a 95140532
|
| 020 |
|
|
|a 9679928454
|
| 020 |
|
|
|a 1856492869 (Pb)
|
| 020 |
|
|
|a 1856492850 (Hb)
|
| 040 |
|
|
|a DLC
|c DLC
|d DLC
|
| 082 |
0 |
0 |
|a 331.62/095
|2 20
|
| 245 |
0 |
4 |
|a The trade in domestic workers causes, mechanisms, and consequences of international migration /
|c edited by Noeleen Heyzer, Geertje Lycklama à Nijehold and Nedra Weerakoon.
|
| 260 |
|
|
|a Kuala Lumpur :
|b APDC ;
|a London ; Atlantic Highlands, N.J. :
|b Zed Books,
|c c1994-
|
| 300 |
|
|
|a xxx, 247 :
|b ill. ;
|c 26 cm.
|
| 362 |
0 |
|
|a Vol.1
|
| 504 |
|
|
|a Includes bibliographical references.
|
| 505 |
1 |
|
|a v. 1. Selected papers fpom a regional policy dialogue on "Foreign women domestic workers: international migration, employment, and national policies," Colombo, Sri Lanka, 10th-14th August 1992.
|
| 541 |
1 |
|
|e 00005710
|
| 650 |
|
0 |
|a Women household employees
|v Congresses.
|
| 650 |
|
0 |
|a Emigration and immigration
|v Congresses.
|
| 700 |
1 |
|
|a Heyzer, Noeleen.
|
| 700 |
1 |
|
|a Lycklama à Nijeholt, G.
|q (Geertje)
|
| 700 |
1 |
|
|a Weerakoon, Nedra.
|
| 710 |
2 |
|
|a Asian and Pacific Development Centre.
|
| 852 |
4 |
|
|a Ayesha Abed Library
|j General shelf
|
| 999 |
|
|
|c 6077
|d 6077
|
| 952 |
|
|
|0 0
|1 0
|2 ddc
|4 0
|6 331_620950000000000_TRA_1994
|7 0
|9 6067
|a BRACUL
|b BRACUL
|c GEN
|d 2009-12-14
|g 2350.00
|l 1
|m 3
|o 331.62095 TRA
|p 3010005710
|r 2023-01-04
|s 2022-12-12
|t 1
|w 2009-12-14
|y BK
|